[Event "Praha"]
[Site "?"]
[Date "2023.01.07"]
[Round "3.18"]
[White "Tolmacevs, Artjoms"]
[Black "Jansen, Bob"]
[Result "1/2-1/2"]
[BlackElo "2194"]
[WhiteElo "1974"]
[LiveChessVersion "1.4.8"]

1. e4 e6 {[%clk 1:19:21]} 2. d4 {[%clk 1:31:17]} d5 {[%clk 1:19:50]} 3. Nc3
{[%clk 1:31:39]} Bb4 {[%clk 1:20:15]} 4. e5 {[%clk 1:32:02]} b6 {[%clk 1:19:12]}
5. a3 {[%clk 1:32:00]} Bf8 {[%clk 1:19:40]} 6. g3 {[%clk 1:21:07]} Ne7
{[%clk 1:16:01]} 7. f4 {[%clk 1:20:23]} Nf5 {[%clk 1:11:19]} 8. Bh3
{[%clk 1:16:53]} Be7 {[%clk 0:57:38]} 9. Nf3 {[%clk 1:15:32]} O-O
{[%clk 0:56:21]} 10. O-O {[%clk 1:14:21]} Ba6 {[%clk 0:49:44]} 11. Rf2
{[%clk 1:12:01]} c5 {[%clk 0:49:31]} 12. Bxf5 {[%clk 1:11:46]} exf5
{[%clk 0:49:38]} 13. Be3 {[%clk 1:12:02]} Bb7 {[%clk 0:42:05]} 14. Rd2
{[%clk 1:08:42]} c4 {[%clk 0:41:12]} 15. Rg2 {[%clk 1:06:32]} Bc8
{[%clk 0:38:43]} 16. h3 {[%clk 1:05:02]} Na6 {[%clk 0:38:56]} 17. g4
{[%clk 1:01:29]} Nc7 {[%clk 0:38:40]} 18. Qe1 {[%clk 1:00:31]} Kh8
{[%clk 0:37:59]} 19. Qg3 {[%clk 0:58:56]} g6 {[%clk 0:31:22]} 20. g5
{[%clk 0:56:58]} Be6 {[%clk 0:28:05]} 21. h4 {[%clk 0:56:32]} Kg7
{[%clk 0:24:24]} 22. Rh2 {[%clk 0:55:04]} Rg8 {[%clk 0:23:09]} 23. h5
{[%clk 0:54:01]} Kf8 {[%clk 0:22:52]} 24. Kf2 {[%clk 0:53:54]} Ke8
{[%clk 0:23:04]} 25. hxg6 {[%clk 0:52:22]} hxg6 {[%clk 0:23:26]} 26. b3
{[%clk 0:51:30]} b5 {[%clk 0:22:39]} 27. Ne2 {[%clk 0:47:08]} Kd7
{[%clk 0:20:23]} 28. b4 {[%clk 0:47:02]} a5 {[%clk 0:20:21]} 29. Rb1
{[%clk 0:47:08]} axb4 {[%clk 0:19:37]} 30. axb4 {[%clk 0:47:21]} Ra2
{[%clk 0:19:03]} 31. c3 {[%clk 0:45:52]} Qa8 {[%clk 0:13:04]} 32. Rhh1
{[%clk 0:45:16]} Qa4 {[%clk 0:11:15]} 33. Rhc1 {[%clk 0:44:44]} Ra8
{[%clk 0:09:25]} 34. Bd2 {[%clk 0:42:18]} Ra7 {[%clk 0:09:03]} 35. Qg1
{[%clk 0:41:38]} Na8 {[%clk 0:08:50]} 36. Qd1 {[%clk 0:39:25]} Qa6
{[%clk 0:09:19]} 37. Rc2 {[%clk 0:35:25]} Ra3 {[%clk 0:07:35]} 38. Rcc1
{[%clk 0:35:29]} Nb6 {[%clk 0:07:20]} 39. Qh1 {[%clk 0:35:02]} Ra2
{[%clk 0:06:35]} 40. Qd1 {[%clk 0:34:19]} Ra8 {[%clk 0:05:00]} 41. Qh1
{[%clk 0:31:42]} Na4 {[%clk 0:01:55]} 42. Ra1 {[%clk 0:25:43]} Nb2
{[%clk 0:00:39]} 43. Rxa2 {[%clk 0:26:04]} Nd3+ {[%clk 0:29:50]} 44. Kg2
{[%clk 0:54:53]} Qxa2 {[%clk 0:30:18]} 45. Rb1 {[%clk 0:53:21]} Kc6
{[%clk 0:18:24]} 46. Qd1 {[%clk 0:52:10]} Kb6 {[%clk 0:09:55]} 47. Ne1
{[%clk 0:43:28]} Nxe1+ {[%clk 0:06:34]} 48. Bxe1 {[%clk 0:42:41]} Qa4
{[%clk 0:03:16]} 49. Bd2 {[%clk 0:42:46]} Qa2 {[%clk 0:02:33]} 50. Ng1
{[%clk 0:42:24]} Ra3 {[%clk 0:02:38]} 51. Kf1 {[%clk 0:36:27]} Ra4
{[%clk 0:01:45]} 52. Qc1 {[%clk 0:34:53]} Ra8 {[%clk 0:02:02]} 53. Nf3
{[%clk 0:34:40]} Qa6 {[%clk 0:02:02]} 54. Kg2 {[%clk 0:34:53]} Qc8
{[%clk 0:01:58]} 55. Ra1 {[%clk 0:34:45]} Ra4 {[%clk 0:02:24]} 56. Rxa4
{[%clk 0:23:06]} bxa4 {[%clk 0:02:53]} 57. Qc2 {[%clk 0:23:35]} Kb5
{[%clk 0:01:52]} 58. Bc1 {[%clk 0:23:54]} Qh8 {[%clk 0:01:48]} 59. Ba3
{[%clk 0:23:56]} Qh5 {[%clk 0:02:01]} 60. Qf2 {[%clk 0:24:19]} Qh8
{[%clk 0:00:48]} 61. Qe1 {[%clk 0:23:54]} Qh5 {[%clk 0:00:55]} 62. Qh4
{[%clk 0:23:48]} Qxh4 {[%clk 0:00:41]} 1/2-1/2

[Event "Praha"]
[Site "?"]
[Date "2023.01.07"]
[Round "3.19"]
[White "Baumegger, Siegfried"]
[Black "Bolk, Matthias"]
[Result "1-0"]
[BlackElo "2080"]
[WhiteElo "2439"]
[LiveChessVersion "1.4.8"]

1. d4 {[%clk 1:30:55]} g6 {[%clk 1:30:25]} 2. c4 {[%clk 1:31:15]} Bg7
{[%clk 1:30:48]} 3. e4 {[%clk 1:31:34]} Nc6 {[%clk 1:30:41]} 4. Nf3
{[%clk 1:31:42]} e5 {[%clk 1:30:25]} 5. dxe5 {[%clk 1:31:40]} Nxe5
{[%clk 1:30:09]} 6. Nxe5 {[%clk 1:31:56]} Bxe5 {[%clk 1:30:21]} 7. Be2
{[%clk 1:32:08]} d6 {[%clk 1:29:56]} 8. O-O {[%clk 1:31:19]} Ne7 {[%clk 1:17:00]}
9. Nc3 {[%clk 1:30:12]} Nc6 {[%clk 1:15:37]} 10. Be3 {[%clk 1:23:56]} O-O
{[%clk 1:12:24]} 11. Qd2 {[%clk 1:23:52]} Re8 {[%clk 1:06:57]} 12. Rad1
{[%clk 1:20:51]} Qh4 {[%clk 0:58:45]} 13. f4 {[%clk 1:09:07]} Bxc3
{[%clk 0:54:54]} 14. Qxc3 {[%clk 1:09:18]} Rxe4 {[%clk 0:55:10]} 15. Bf3
{[%clk 1:08:34]} Re8 {[%clk 0:47:26]} 16. b4 {[%clk 0:59:26]} Bg4
{[%clk 0:41:24]} 17. Bc1 {[%clk 0:37:57]} Bxf3 {[%clk 0:29:51]} 18. Bb2
{[%clk 0:34:27]} f6 {[%clk 0:27:32]} 19. Qxf3 {[%clk 0:30:43]} Re6
{[%clk 0:14:35]} 20. b5 {[%clk 0:27:28]} Nd8 {[%clk 0:13:59]} 21. f5
{[%clk 0:21:45]} gxf5 {[%clk 0:10:53]} 22. Qxf5 {[%clk 0:19:27]} Qxc4
{[%clk 0:10:11]} 23. Bxf6 {[%clk 0:18:06]} Qe4 {[%clk 0:08:05]} 24. Qg5+
{[%clk 0:16:12]} Qg6 {[%clk 0:07:16]} 25. Bxd8 {[%clk 0:15:04]} Qxg5
{[%clk 0:07:37]} 26. Bxg5 {[%clk 0:15:27]} Re5 {[%clk 0:08:04]} 27. Bh6
{[%clk 0:15:39]} Rxb5 {[%clk 0:01:33]} 28. Rf6 {[%clk 0:15:14]} Re5
{[%clk 0:00:45]} 29. Rdf1 {[%clk 0:15:03]} Ree8 {[%clk 0:01:06]} 1-0

[Event "Praha"]
[Site "?"]
[Date "2023.01.07"]
[Round "3.20"]
[White "Kreken, Eivind Grunt"]
[Black "Mitusov, Semen"]
[Result "1/2-1/2"]
[BlackElo "2397"]
[WhiteElo "2104"]
[LiveChessVersion "1.4.8"]

1. d4 {[%clk 1:30:56]} Nf6 {[%clk 1:27:13]} 2. c4 {[%clk 1:31:01]} e6
{[%clk 1:27:37]} 3. Nf3 {[%clk 1:31:07]} d5 {[%clk 1:27:18]} 4. Nc3
{[%clk 1:30:47]} Be7 {[%clk 1:26:25]} 5. Bf4 {[%clk 1:30:49]} O-O
{[%clk 1:25:08]} 6. e3 {[%clk 1:30:26]} b6 {[%clk 1:24:39]} 7. Bd3
{[%clk 1:29:37]} dxc4 {[%clk 1:18:47]} 8. Bxc4 {[%clk 1:29:08]} Bb7
{[%clk 1:19:07]} 9. O-O {[%clk 1:25:51]} a6 {[%clk 1:16:17]} 10. a4
{[%clk 1:16:11]} Nc6 {[%clk 1:05:56]} 11. Qe2 {[%clk 1:02:26]} Nb4
{[%clk 1:00:59]} 12. e4 {[%clk 0:42:56]} c5 {[%clk 0:59:39]} 13. Rfd1
{[%clk 0:41:45]} cxd4 {[%clk 0:59:04]} 14. Nxd4 {[%clk 0:40:40]} Qe8
{[%clk 0:56:53]} 15. Rac1 {[%clk 0:33:43]} Rc8 {[%clk 0:49:36]} 16. h3
{[%clk 0:31:43]} Kh8 {[%clk 0:46:51]} 17. Bh2 {[%clk 0:28:09]} Bc5
{[%clk 0:38:22]} 18. Nb3 {[%clk 0:26:58]} e5 {[%clk 0:36:29]} 19. Nxc5
{[%clk 0:26:12]} Rxc5 {[%clk 0:30:31]} 20. Nd5 {[%clk 0:12:33]} Nbxd5
{[%clk 0:23:49]} 21. exd5 {[%clk 0:08:30]} Nxd5 {[%clk 0:21:52]} 22. Bxd5
{[%clk 0:07:00]} Rxd5 {[%clk 0:22:00]} 23. Rxd5 {[%clk 0:07:19]} Bxd5
{[%clk 0:22:26]} 24. Qxe5 {[%clk 0:07:32]} Qa8 {[%clk 0:21:46]} 25. f3
{[%clk 0:05:52]} h6 {[%clk 0:17:29]} 26. Bf4 {[%clk 0:05:13]} Re8
{[%clk 0:16:27]} 27. Qd4 {[%clk 0:03:05]} Re6 {[%clk 0:15:48]} 28. Kf2
{[%clk 0:02:24]} b5 {[%clk 0:11:31]} 29. axb5 {[%clk 0:01:27]} axb5
{[%clk 0:11:56]} 30. Rd1 {[%clk 0:00:59]} Bc4 {[%clk 0:12:00]} 31. Qd8+
{[%clk 0:01:06]} Qxd8 {[%clk 0:12:25]} 32. Rxd8+ {[%clk 0:01:34]} Kh7
{[%clk 0:12:49]} 33. Be3 {[%clk 0:01:16]} Re7 {[%clk 0:10:19]} 34. h4
{[%clk 0:00:40]} h5 {[%clk 0:10:20]} 35. g3 {[%clk 0:00:41]} f6 {[%clk 0:09:22]}
36. Rd6 {[%clk 0:00:37]} Re8 {[%clk 0:07:57]} 37. Rc6 {[%clk 0:00:35]} Rd8
{[%clk 0:07:24]} 38. Rc5 {[%clk 0:00:50]} Kg6 {[%clk 0:07:36]} 39. g4
{[%clk 0:00:37]} hxg4 {[%clk 0:05:32]} 40. fxg4 {[%clk 0:01:01]} Rd7
{[%clk 0:05:39]} 1/2-1/2

[Event "Praha"]
[Site "?"]
[Date "2023.01.08"]
[Round "4.1"]
[White "Chen, Qi b"]
[Black "Oye-Stromberg, Alexander"]
[Result "1/2-1/2"]
[BlackElo "2254"]
[WhiteElo "2484"]
[LiveChessVersion "1.4.8"]

1. e4 {[%clk 1:30:57]} e5 {[%clk 1:30:09]} 2. Nf3 {[%clk 1:31:21]} Nc6
{[%clk 1:30:21]} 3. Bb5 {[%clk 1:31:42]} Nf6 {[%clk 1:29:56]} 4. d3
{[%clk 1:32:06]} Bc5 {[%clk 1:29:59]} 5. Bxc6 {[%clk 1:32:23]} dxc6
{[%clk 1:30:15]} 6. Bg5 {[%clk 1:32:46]} h6 {[%clk 1:25:00]} 7. Bh4
{[%clk 1:33:07]} Qe7 {[%clk 1:20:09]} 8. Nbd2 {[%clk 1:33:02]} Bd6
{[%clk 1:17:03]} 9. c3 {[%clk 1:24:23]} g5 {[%clk 1:06:08]} 10. Bg3
{[%clk 1:24:38]} Bg4 {[%clk 1:05:53]} 11. Nc4 {[%clk 1:01:57]} O-O-O
{[%clk 1:00:07]} 12. Ne3 {[%clk 0:57:14]} Bd7 {[%clk 0:51:04]} 13. Qa4
{[%clk 0:45:42]} Kb8 {[%clk 0:45:10]} 14. Nc4 {[%clk 0:45:49]} c5
{[%clk 0:42:39]} 15. Qc2 {[%clk 0:43:58]} Bb5 {[%clk 0:37:10]} 16. Qb3
{[%clk 0:34:59]} Bxc4 {[%clk 0:36:13]} 17. Qxc4 {[%clk 0:35:26]} Nh5
{[%clk 0:26:10]} 18. O-O-O {[%clk 0:35:16]} c6 {[%clk 0:23:39]} 19. Rhe1
{[%clk 0:27:42]} Bc7 {[%clk 0:22:07]} 20. d4 cxd4 {[%clk 0:19:03]} 21. cxd4
{[%clk 0:25:33]} Nxg3 {[%clk 0:16:00]} 22. hxg3 {[%clk 0:25:48]} exd4
{[%clk 0:15:37]} 23. Nxd4 {[%clk 0:25:18]} Be5 {[%clk 0:15:19]} 24. Nf5
{[%clk 0:22:12]} Qc7 {[%clk 0:14:03]} 25. Qc2 {[%clk 0:19:36]} f6
{[%clk 0:09:27]} 26. a3 {[%clk 0:16:19]} a6 {[%clk 0:07:07]} 27. Kb1
{[%clk 0:16:12]} h5 {[%clk 0:06:50]} 28. Rf1 {[%clk 0:14:30]} Rxd1+
{[%clk 0:04:07]} 29. Rxd1 {[%clk 0:14:39]} Rd8 {[%clk 0:04:06]} 30. Rxd8+
{[%clk 0:12:57]} Qxd8 {[%clk 0:04:31]} 31. Qe2 {[%clk 0:13:17]} Qb6
{[%clk 0:04:06]} 32. Qd2 {[%clk 0:11:49]} c5 {[%clk 0:03:09]} 33. f4
{[%clk 0:07:38]} gxf4 {[%clk 0:02:30]} 34. gxf4 {[%clk 0:08:07]} Bc7
{[%clk 0:01:57]} 35. g3 {[%clk 0:05:40]} c4 {[%clk 0:02:17]} 36. Qc3
{[%clk 0:03:55]} Qc6 {[%clk 0:02:11]} 37. Qd4 {[%clk 0:04:01]} Bb6
{[%clk 0:00:51]} 38. Qd5 {[%clk 0:02:45]} Qxd5 {[%clk 0:00:33]} 39. exd5
{[%clk 0:03:14]} Kc7 {[%clk 0:00:33]} 40. Kc2 {[%clk 0:02:40]} Ba5
{[%clk 0:00:39]} 41. a4 {[%clk 0:24:57]} b5 {[%clk 0:27:47]} 42. axb5
{[%clk 0:25:12]} axb5 {[%clk 0:28:12]} 43. b3 {[%clk 0:24:52]} Kb6
{[%clk 0:23:30]} 44. bxc4 {[%clk 0:23:56]} bxc4 {[%clk 0:23:54]} 45. Ng7
{[%clk 0:24:12]} Kc5 {[%clk 0:23:57]} 46. Nxh5 {[%clk 0:24:37]} Bd8
{[%clk 0:24:09]} 47. g4 {[%clk 0:23:00]} Kxd5 {[%clk 0:24:26]} 48. Kc3
{[%clk 0:23:17]} Ba5+ {[%clk 0:24:31]} 49. Kc2 {[%clk 0:23:45]} Bd8
{[%clk 0:24:56]} 50. Kc3 {[%clk 0:24:11]} Ba5+ {[%clk 0:25:23]} 51. Kc2
{[%clk 0:24:37]} Bd8 {[%clk 0:25:51]} 1/2-1/2

[Event "Praha"]
[Site "?"]
[Date "2023.01.08"]
[Round "4.2"]
[White "Schmidt-Schaeffer, Sebastian"]
[Black "Unneland, Mathias"]
[Result "1/2-1/2"]
[BlackElo "2217"]
[WhiteElo "2340"]
[LiveChessVersion "1.4.8"]

1. d4 {[%clk 1:30:17]} Nf6 {[%clk 1:30:13]} 2. Nf3 {[%clk 1:29:28]} d5
{[%clk 1:29:55]} 3. Bf4 {[%clk 1:28:39]} c5 {[%clk 1:29:08]} 4. e3
{[%clk 1:28:26]} Nc6 {[%clk 1:28:19]} 5. c3 {[%clk 1:27:39]} Qb6 {[%clk 1:26:25]}
6. Qb3 {[%clk 1:23:00]} c4 {[%clk 1:24:50]} 7. Qc2 {[%clk 1:23:02]} Bf5
{[%clk 1:24:04]} 8. Qc1 {[%clk 1:22:26]} Nh5 {[%clk 1:23:02]} 9. Bg5
{[%clk 1:10:20]} f6 {[%clk 1:22:43]} 10. Bh4 {[%clk 1:10:28]} g5 {[%clk 1:19:01]}
11. Bg3 {[%clk 1:10:53]} e5 {[%clk 1:18:04]} 12. Be2 {[%clk 0:58:55]} O-O-O
{[%clk 0:41:25]} 13. Nbd2 {[%clk 0:54:02]} Re8 {[%clk 0:33:37]} 14. dxe5
{[%clk 0:43:53]} g4 {[%clk 0:18:02]} 15. Nh4 {[%clk 0:33:32]} Bd7
{[%clk 0:12:36]} 16. exf6 {[%clk 0:32:47]} Nxg3 {[%clk 0:11:09]} 17. hxg3
{[%clk 0:32:58]} Bc5 {[%clk 0:09:27]} 18. f7 {[%clk 0:12:46]} Ref8
{[%clk 0:09:19]} 19. b3 {[%clk 0:09:13]} Rxf7 {[%clk 0:07:19]} 20. bxc4
{[%clk 0:09:02]} Bxe3 {[%clk 0:06:01]} 21. fxe3 {[%clk 0:09:09]} Qxe3
{[%clk 0:06:23]} 22. Nf1 {[%clk 0:07:42]} Qf2+ {[%clk 0:06:31]} 23. Kd1
{[%clk 0:07:35]} Re8 {[%clk 0:03:59]} 24. Qd2 {[%clk 0:07:29]} Rfe7
{[%clk 0:00:48]} 25. Bd3 {[%clk 0:06:01]} Qe1+ {[%clk 0:00:47]} 26. Qxe1
{[%clk 0:04:37]} Rxe1+ {[%clk 0:01:12]} 27. Kc2 {[%clk 0:03:17]} Rxa1
{[%clk 0:01:35]} 28. cxd5 {[%clk 0:02:40]} Ne5 {[%clk 0:01:27]} 29. Nf5
{[%clk 0:01:51]} Rf8 {[%clk 0:00:54]} 30. N5e3 {[%clk 0:00:48]} Rxa2+
{[%clk 0:00:33]} 31. Kb3 {[%clk 0:00:47]} Ra1 {[%clk 0:00:35]} 32. Bc2
{[%clk 0:00:47]} Re1 {[%clk 0:00:34]} 33. Rh5 {[%clk 0:01:12]} Rfxf1
{[%clk 0:00:35]} 34. Nxf1 {[%clk 0:01:37]} a5 {[%clk 0:00:33]} 35. Nd2
{[%clk 0:01:55]} Re2 {[%clk 0:00:40]} 36. Ne4 {[%clk 0:02:11]} a4+
{[%clk 0:01:01]} 37. Kb4 {[%clk 0:02:22]} Ng6 {[%clk 0:00:32]} 38. Bd3
{[%clk 0:00:56]} Rb2+ {[%clk 0:00:53]} 39. Ka3 {[%clk 0:00:51]} Rxg2
{[%clk 0:00:49]} 40. Rxh7 {[%clk 0:00:35]} Ne5 {[%clk 0:01:04]} 41. d6
{[%clk 0:00:41]} Bf5 {[%clk 0:10:59]} 42. Rh5 {[%clk 0:09:11]} Nxd3
{[%clk 0:02:37]} 43. Rxf5 {[%clk 0:09:25]} Re2 {[%clk 0:02:32]} 44. Rf8+
{[%clk 0:05:35]} Kd7 {[%clk 0:02:56]} 45. Rf7+ {[%clk 0:04:25]} Kc6
{[%clk 0:00:35]} 46. Rc7+ {[%clk 0:03:00]} Kb6 {[%clk 0:01:01]} 47. Rc4
{[%clk 0:01:38]} Ne5 {[%clk 0:00:33]} 48. Rxa4 {[%clk 0:01:45]} Kc6
{[%clk 0:00:45]} 49. Rd4 {[%clk 0:01:26]} b5 {[%clk 0:00:56]} 50. d7
{[%clk 0:00:32]} Nxd7 {[%clk 0:01:05]} 51. c4 {[%clk 0:00:49]} bxc4
{[%clk 0:00:49]} 52. Rxc4+ {[%clk 0:00:37]} Kd5 {[%clk 0:01:03]} 53. Nc3+
{[%clk 0:00:47]} Kxc4 {[%clk 0:01:27]} 54. Nxe2 {[%clk 0:01:16]} Kd3
{[%clk 0:01:14]} 55. Nf4+ {[%clk 0:01:29]} Ke4 {[%clk 0:01:35]} 56. Kb4
{[%clk 0:01:34]} Nf6 {[%clk 0:01:18]} 57. Kc5 {[%clk 0:00:57]} Kf3
{[%clk 0:01:32]} 58. Nd3 {[%clk 0:01:01]} Nd7+ {[%clk 0:01:25]} 59. Kd4
{[%clk 0:00:37]} Kxg3 {[%clk 0:01:43]} 60. Ke3 {[%clk 0:01:01]} Kh2
{[%clk 0:01:25]} 61. Nf2 {[%clk 0:00:42]} g3 {[%clk 0:01:48]} 62. Ng4+
{[%clk 0:00:43]} Kh3 {[%clk 0:01:26]} 63. Nf2+ {[%clk 0:01:01]} Kh2
{[%clk 0:01:45]} 64. Ng4+ {[%clk 0:01:17]} Kh1 {[%clk 0:01:33]} 65. Nf2+
{[%clk 0:00:47]} Kg1 {[%clk 0:01:53]} 66. Nh3+ {[%clk 0:00:49]} Kf1
{[%clk 0:00:45]} 67. Nf4 {[%clk 0:01:00]} Ne5 {[%clk 0:01:01]} 68. Ke4
{[%clk 0:01:23]} Ng6 {[%clk 0:00:39]} 69. Kf3 {[%clk 0:01:45]} Nxf4
{[%clk 0:00:55]} 70. Kxg3 {[%clk 0:02:11]} 1/2-1/2

[Event "Praha"]
[Site "?"]
[Date "2023.01.08"]
[Round "4.3"]
[White "Nielsen, Andre"]
[Black "Elmi, Saad Abobaker"]
[Result "0-1"]
[BlackElo "2326"]
[WhiteElo "2212"]
[LiveChessVersion "1.4.8"]

1. e4 {[%clk 1:30:56]} e5 {[%clk 1:30:28]} 2. Nf3 {[%clk 1:30:56]} Nc6
{[%clk 1:30:48]} 3. Bc4 {[%clk 1:30:57]} Nf6 {[%clk 1:31:00]} 4. d3
{[%clk 1:31:16]} h6 {[%clk 1:30:25]} 5. O-O {[%clk 1:30:53]} Bc5 {[%clk 1:28:29]}
6. c3 {[%clk 1:29:29]} d6 {[%clk 1:21:55]} 7. Nbd2 {[%clk 1:19:59]} O-O
{[%clk 1:21:28]} 8. h3 {[%clk 1:17:03]} a5 {[%clk 1:20:57]} 9. Re1
{[%clk 1:12:18]} Ba7 {[%clk 1:20:13]} 10. Nf1 {[%clk 1:07:14]} Ne7
{[%clk 1:16:57]} 11. Ng3 {[%clk 1:03:54]} Ng6 {[%clk 1:14:52]} 12. Bb3
{[%clk 0:54:33]} c6 {[%clk 1:06:19]} 13. d4 {[%clk 0:51:08]} Re8 {[%clk 1:00:06]}
14. Bc2 {[%clk 0:48:20]} Be6 {[%clk 0:52:27]} 15. Be3 {[%clk 0:47:54]} Qc7
{[%clk 0:48:13]} 16. Qe2 {[%clk 0:40:29]} b5 {[%clk 0:44:37]} 17. Nh2
{[%clk 0:34:07]} c5 {[%clk 0:31:54]} 18. d5 {[%clk 0:26:54]} Bd7 {[%clk 0:31:56]}
19. a4 {[%clk 0:25:25]} c4 {[%clk 0:29:19]} 20. axb5 {[%clk 0:24:06]} Bxb5
{[%clk 0:27:06]} 21. Nf5 {[%clk 0:23:01]} Bd7 {[%clk 0:24:20]} 22. Bxa7
{[%clk 0:17:56]} Bxf5 {[%clk 0:21:10]} 23. exf5 {[%clk 0:02:07]} Nf4
{[%clk 0:21:31]} 24. Qf3 {[%clk 0:02:32]} Rxa7 {[%clk 0:20:57]} 25. Ba4
{[%clk 0:01:21]} Rb8 {[%clk 0:21:20]} 26. Bc6 {[%clk 0:01:37]} Rxb2
{[%clk 0:15:37]} 27. Ng4 {[%clk 0:01:59]} Nxg4 {[%clk 0:14:01]} 28. Qxg4
{[%clk 0:02:22]} Qe7 {[%clk 0:12:14]} 29. g3 {[%clk 0:00:58]} h5 {[%clk 0:09:52]}
30. f6 {[%clk 0:01:00]} hxg4 {[%clk 0:10:00]} 31. fxe7 {[%clk 0:01:12]} Nxh3+
{[%clk 0:10:24]} 32. Kh1 {[%clk 0:01:10]} Nxf2+ {[%clk 0:10:23]} 33. Kg1
{[%clk 0:01:02]} Rxe7 {[%clk 0:09:43]} 34. Rxa5 {[%clk 0:01:05]} e4
{[%clk 0:08:53]} 35. Ra8+ {[%clk 0:00:34]} Kh7 {[%clk 0:09:09]} 36. Rd8
{[%clk 0:00:37]} e3 {[%clk 0:09:12]} 37. Re8 {[%clk 0:00:56]} Ra7
{[%clk 0:08:12]} 38. Ra8 {[%clk 0:00:32]} Rxa8 {[%clk 0:05:54]} 39. Bxa8
{[%clk 0:00:55]} f5 {[%clk 0:04:12]} 40. Bc6 {[%clk 0:00:40]} g6 {[%clk 0:04:01]}
41. Rxe3 {[%clk 0:25:34]} Ne4 {[%clk 0:34:21]} 42. Kf1 {[%clk 0:25:40]} Kg7
{[%clk 0:34:18]} 43. Ke1 {[%clk 0:25:30]} Kf6 {[%clk 0:33:52]} 44. Kf1
{[%clk 0:25:45]} Ke5 {[%clk 0:33:08]} 45. Be8 {[%clk 0:25:47]} g5
{[%clk 0:32:21]} 0-1

[Event "Praha"]
[Site "?"]
[Date "2023.01.08"]
[Round "4.4"]
[White "Vaculik, Jakub"]
[Black "Tobak, Mikhail"]
[Result "0-1"]
[BlackElo "2297"]
[WhiteElo "2200"]
[LiveChessVersion "1.4.8"]

1. c4 {[%clk 1:10:31]} e5 {[%clk 1:30:41]} 2. Nc3 {[%clk 1:10:54]} Nc6
{[%clk 1:30:55]} 3. d3 {[%clk 1:10:48]} d6 {[%clk 1:30:05]} 4. g3
{[%clk 1:10:59]} f5 {[%clk 1:30:24]} 5. Bg2 {[%clk 1:11:16]} Nf6 {[%clk 1:30:47]}
6. Bg5 {[%clk 1:09:52]} Be7 {[%clk 1:26:53]} 7. e3 {[%clk 1:05:56]} O-O
{[%clk 1:26:14]} 8. Nge2 {[%clk 1:04:05]} h6 {[%clk 1:21:15]} 9. Bxf6
{[%clk 1:04:21]} Bxf6 {[%clk 1:21:32]} 10. Nd5 {[%clk 1:04:07]} f4
{[%clk 1:18:05]} 11. Nec3 {[%clk 0:57:30]} fxe3 {[%clk 0:58:42]} 12. fxe3
{[%clk 0:57:14]} Bg5 {[%clk 0:58:29]} 13. h4 {[%clk 0:45:41]} Be7
{[%clk 0:58:16]} 14. Qh5 {[%clk 0:41:02]} Bf5 {[%clk 0:51:40]} 15. O-O-O
{[%clk 0:37:26]} Qd7 {[%clk 0:48:17]} 16. Be4 {[%clk 0:32:29]} Rae8
{[%clk 0:42:32]} 17. Rdf1 {[%clk 0:29:36]} Bxe4 {[%clk 0:40:55]} 18. Nxe4
{[%clk 0:29:02]} Bd8 {[%clk 0:37:34]} 19. g4 {[%clk 0:25:46]} Rxf1+
{[%clk 0:35:39]} 20. Rxf1 {[%clk 0:26:14]} Rf8 {[%clk 0:35:50]} 21. Rxf8+
{[%clk 0:21:26]} Kxf8 {[%clk 0:36:05]} 22. g5 {[%clk 0:20:08]} Qf5
{[%clk 0:33:49]} 23. Ng3 {[%clk 0:15:25]} Qxd3 {[%clk 0:30:37]} 24. gxh6
{[%clk 0:12:55]} Qxc4+ {[%clk 0:29:48]} 25. Kb1 {[%clk 0:10:53]} Qd3+
{[%clk 0:26:43]} 26. Kc1 {[%clk 0:03:41]} gxh6 {[%clk 0:18:42]} 27. Qxh6+
{[%clk 0:03:50]} Kf7 {[%clk 0:18:56]} 28. Nc3 {[%clk 0:03:05]} Qg6
{[%clk 0:16:18]} 29. Qxg6+ {[%clk 0:03:33]} Kxg6 {[%clk 0:16:41]} 30. h5+
{[%clk 0:03:54]} Kh6 {[%clk 0:17:08]} 31. Nd5 {[%clk 0:03:20]} Nb8
{[%clk 0:17:05]} 32. e4 {[%clk 0:02:02]} Nd7 {[%clk 0:15:04]} 33. Kd2
{[%clk 0:01:22]} Nf6 {[%clk 0:13:43]} 34. Nxf6 {[%clk 0:01:05]} Bxf6
{[%clk 0:14:08]} 35. Ke3 {[%clk 0:00:52]} Bh4 {[%clk 0:13:41]} 36. Nf5+
{[%clk 0:01:01]} Kxh5 {[%clk 0:14:07]} 37. Ng7+ {[%clk 0:00:48]} Kg4
{[%clk 0:14:23]} 38. Ne6 {[%clk 0:00:47]} c6 {[%clk 0:14:26]} 39. a4
{[%clk 0:00:41]} a5 {[%clk 0:13:06]} 40. b3 {[%clk 0:00:38]} Bf6 {[%clk 0:12:06]}
41. Nc7 {[%clk 0:27:45]} Bg5+ {[%clk 0:39:49]} 42. Ke2 {[%clk 0:27:04]} Bd8
{[%clk 0:38:51]} 43. Ne8 {[%clk 0:24:27]} Be7 {[%clk 0:39:14]} 44. Ng7
{[%clk 0:24:07]} Kf4 {[%clk 0:38:57]} 45. Nf5 {[%clk 0:23:15]} Bf8
{[%clk 0:39:22]} 46. Ne3 {[%clk 0:23:30]} Kxe4 {[%clk 0:38:23]} 47. Nc4
{[%clk 0:23:55]} d5 {[%clk 0:36:09]} 48. Nxa5 {[%clk 0:24:04]} d4
{[%clk 0:36:18]} 49. Nxb7 {[%clk 0:20:28]} d3+ {[%clk 0:36:41]} 50. Kd1
{[%clk 0:16:22]} Kf3 {[%clk 0:36:55]} 51. Nd8 {[%clk 0:07:32]} e4
{[%clk 0:37:04]} 52. Ne6 {[%clk 0:05:20]} e3 {[%clk 0:37:07]} 0-1

[Event "Praha"]
[Site "?"]
[Date "2023.01.08"]
[Round "4.5"]
[White "Baumegger, Siegfried"]
[Black "Gijsen, William"]
[Result "1-0"]
[BlackElo "2144"]
[WhiteElo "2439"]
[LiveChessVersion "1.4.8"]

1. d4 {[%clk 1:30:50]} Nf6 {[%clk 1:30:55]} 2. c4 {[%clk 1:31:01]} e6
{[%clk 1:31:02]} 3. Nc3 {[%clk 1:31:11]} Bb4 {[%clk 1:31:25]} 4. e3
{[%clk 1:31:03]} c5 {[%clk 1:31:42]} 5. Bd3 {[%clk 1:30:58]} O-O {[%clk 1:30:47]}
6. Nf3 {[%clk 1:31:03]} Nc6 {[%clk 1:29:56]} 7. O-O {[%clk 1:30:24]} d5
{[%clk 1:29:30]} 8. cxd5 {[%clk 1:30:08]} exd5 {[%clk 1:29:17]} 9. dxc5
{[%clk 1:30:27]} Bxc5 {[%clk 1:27:12]} 10. h3 {[%clk 1:30:23]} Be6
{[%clk 1:25:04]} 11. b3 {[%clk 1:22:04]} h6 {[%clk 1:24:20]} 12. Bb2
{[%clk 1:22:10]} Qe7 {[%clk 1:22:08]} 13. Ne2 {[%clk 1:19:34]} Ba3
{[%clk 1:20:55]} 14. Bxa3 {[%clk 1:18:03]} Qxa3 {[%clk 1:21:17]} 15. Qc1
{[%clk 1:15:32]} Qe7 {[%clk 1:20:06]} 16. Qb2 {[%clk 1:14:31]} Rac8
{[%clk 1:17:24]} 17. Rac1 {[%clk 1:05:24]} Ne4 {[%clk 1:13:21]} 18. Nf4
{[%clk 0:58:59]} Rfd8 {[%clk 1:05:11]} 19. Rfd1 {[%clk 0:56:43]} Ng5
{[%clk 1:03:50]} 20. Be2 {[%clk 0:49:16]} Ne4 {[%clk 0:56:13]} 21. Bb5
{[%clk 0:43:26]} Ng5 {[%clk 0:53:43]} 22. Nxg5 {[%clk 0:40:24]} Qxg5
{[%clk 0:49:09]} 23. Bxc6 {[%clk 0:39:40]} Rxc6 {[%clk 0:46:33]} 24. Qd4
{[%clk 0:37:07]} Qe7 {[%clk 0:39:42]} 25. Qxa7 {[%clk 0:30:32]} Ra6
{[%clk 0:32:13]} 26. Qc5 {[%clk 0:29:35]} Qxc5 {[%clk 0:32:11]} 27. Rxc5
{[%clk 0:29:59]} Rxa2 {[%clk 0:32:10]} 28. Rc7 {[%clk 0:23:26]} Rb8
{[%clk 0:20:14]} 29. e4 {[%clk 0:17:08]} Rd8 {[%clk 0:12:00]} 30. exd5
{[%clk 0:16:05]} Bf5 {[%clk 0:11:24]} 31. Rxb7 {[%clk 0:10:43]} g5
{[%clk 0:11:13]} 32. Nh5 {[%clk 0:10:23]} Rc8 {[%clk 0:10:03]} 33. Ng3
{[%clk 0:06:05]} Bc2 {[%clk 0:09:10]} 34. Rd4 {[%clk 0:04:13]} Rb2
{[%clk 0:08:35]} 35. d6 {[%clk 0:03:25]} Rb1+ {[%clk 0:05:57]} 36. Kh2
{[%clk 0:03:47]} Rd1 {[%clk 0:06:22]} 37. d7 {[%clk 0:02:27]} Rd8
{[%clk 0:06:32]} 38. Rxd1 {[%clk 0:02:11]} Bxd1 {[%clk 0:07:00]} 39. Nf5
{[%clk 0:00:41]} Bc2 {[%clk 0:06:35]} 40. Ne7+ {[%clk 0:01:04]} 1-0